| 000 | 01024nam a2200229 i 4500 | ||
|---|---|---|---|
| 001 | 15778 | ||
| 003 | ES-MaACL | ||
| 005 | 20230906151141.0 | ||
| 007 | t| | ||
| 008 | 000508s1986 sp ||||1| spa d | ||
| 080 | _a811.111(063) | ||
| 080 | _a821.111.09(063) | ||
| 080 | _a821.111(73).09(063) | ||
| 110 | 2 |
_aAsociación Española de Estudios Anglo-Norteamericanos. _bCongreso ( _n9º. _d1985. _cMurcia) _91662 |
|
| 245 | 1 | 0 |
_aActas del IX Congreso Nacional _b: Murcia, 17-20 de diciembre de 1985 : "Aspectos comparativos en la lengua y literatura de habla inglesa" : Asociación Española de Estudios Anglo-Norteamericanos. |
| 260 |
_aMurcia : _bDepartamento de Filología Inglesa de la Universidad de Murcia, _cD.L. 1986. |
||
| 300 |
_a240 p. ; _c22 cm. |
||
| 650 | 1 | 4 |
_aFilología inglesa- _vCongresos y asambleas. _912799 |
| 650 | 4 |
_aLiteratura norteamericana- _vCongresos y asambleas. _914642 |
|
| 710 | 2 |
_aUniversidad de Murcia. _bDepartamento de Filología Inglesa. _97233 |
|
| 852 |
_aES-MaACL _jL-22942 _bR.123755 |
||
| 999 |
_c15778 _d15778 |
||